Groups of Things: Ancient History - Statistics

General Stats
  • This quiz has been taken 1,137 times
    1,089 since last reset
  • The average score is 14 of 27
Answer Stats
Hint Answer % Correct
First 3 Kings of Israel King David
89%
First 3 Kings of Israel King Solomon
82%
The Greek Pantheon Zeus
77%
Julian Dynasty of Rome Augustus
71%
The Greek Pantheon Hera
68%
Julian Dynasty of Rome Nero
67%
The Greek Pantheon Poseidon
66%
The Greek Pantheon Athena
65%
The Greek Pantheon Apollo
60%
The Greek Pantheon Aphrodite
59%
Julian Dynasty of Rome Caligula
58%
The Greek Pantheon Ares
57%
The Greek Pantheon Artemis
54%
Great Sumerian Inventions Cuneiform
51%
The Greek Pantheon Hermes
50%
First 3 Kings of Israel King Saul
50%
Julian Dynasty of Rome Tiberius
48%
Great Sumerian Inventions The Wheel
44%
Julian Dynasty of Rome Claudius
43%
Egyptian "Kingdoms" Middle Kingdom
43%
The Greek Pantheon Demeter
42%
Egyptian "Kingdoms" New Kingdom
39%
Egyptian "Kingdoms" Old Kingdom
39%
The Greek Pantheon Dionysus
38%
The Greek Pantheon Hephaestus
38%
Egyptian "Kingdoms" Ptolemaic Kingdom
22%
Great Sumerian Inventions Irrigation
11%
No matching quizzes found
Score Distribution
Percent of People with Each Score
Percentile by Number Answered
Your Score History
You have not taken this quiz since the last reset